Seminario Taller / Consejo Mundial de Pueblos Indígenas

sin resumen

Guardat en:
Dades bibliogràfiques
Autor corporatiu: Consejo Mundial de Pueblos Indígenas, Paz, autonomía y derechos humanos: la perspectiva indígena (Consejo Mundial de Pueblos Indígenas)
Format: Actes de congresos
Idioma:Spanish
Publicat: s. l. : 1988
Etiquetes: Afegir etiqueta
Sense etiquetes, Sigues el primer a etiquetar aquest registre!

MARC

LEADER 00000 a a2200000 04500
001 1301
003 cru CIDCACS/IIS
005 20201001062548.0
007 ta
008 200930s1988 ||||| |||||10| ||spa|d
999 |c 17269  |d 17269 
040 |c cru CIDCACS/IIS 
090 |a 10521.00  
110 2 |a Consejo Mundial de Pueblos Indígenas   |9 9626 
245 1 |a Seminario Taller /  |b Consejo Mundial de Pueblos Indígenas 
260 |a s. l. :   |c 1988 
300 |a 41 páginas 
520 |a sin resumen  
711 2 |a Paz, autonomía y derechos humanos: la perspectiva indígena  |c (Managua, Nicaragua:  |d 1988 febrero 7-14)  |e Consejo Mundial de Pueblos Indígenas  |9 9627 
942 |2 ddc  |c LI